| 000 | 00860nam a2200301 i 4500 | ||
|---|---|---|---|
| 999 |
_c200443870 _d62082 |
||
| 001 | 200443870 | ||
| 003 | TR-AnTOB | ||
| 005 | 20230512151502.0 | ||
| 007 | ta | ||
| 008 | 010412s1996 tu o000 0 tur d | ||
| 035 | _a(TR-AnTOB)200443870 | ||
| 040 |
_aTR-AnTOB _beng _erda _cTR-AnTOB |
||
| 041 | 0 | _atur | |
| 050 | 4 |
_aHF1583.4 _b.S45 1996 |
|
| 090 |
_aHF1583.4 _b.S45 1996 |
||
| 245 | 1 | 0 | _aSektörel dış ticaret şirketleri. |
| 264 | 1 |
_a[Ankara] : _bVakıfbank, _c1996. |
|
| 300 |
_a49 pages ; _c28 cm |
||
| 336 |
_atext _btxt _2rdacontent |
||
| 337 |
_aunmediated _bn _2rdamedia |
||
| 338 |
_avolume _bnc _2rdacarrier |
||
| 651 | 7 |
_aTürkiye _xTicaret politikası _2etuturkob _965466 |
|
| 651 | 7 |
_aTürkiye _xTicaret _2etuturkob _913482 |
|
| 710 | 2 |
_aVakıfbank _9132117 |
|
| 942 |
_2lcc _cBK |
||